00465nam a2200157Ia 45000010006000000050017000060080041000230410008000640820015000721000034000872450133001212600009002543000028002636500008002916540008002991795520260306171555.0260306s9999||||xx |||||||||||||| ||und|| aESP a658.3bM33 aMazabel Galarza, CésareAUT 0aIndicadores de gestión en recursos humanos y su impacto económico en la organización:bde lo cualitativo a lo cuantitativo c2011 a247 páginas :c23 cm. aGEN aCAN